| 000 | 00373nam a22001457a 4500 | ||
|---|---|---|---|
| 008 | 200319b ||||| |||| 00| 0 eng d | ||
| 020 | _a9788190296502 | ||
| 082 | _a615.1 GHF | ||
| 100 | _aGhosh, M. N. | ||
| 245 | _aFundamentals Of Experimental Pharmacology | ||
| 250 | _a7th (2019) | ||
| 260 |
_aNew Delhi _bHilton & Company |
||
| 650 | _aPharmacology | ||
| 942 |
_2ddc _cBK |
||
| 999 |
_c8582 _d8582 |
||